000 00632nam a2200253Ia 4500
008 170712s9999 xx 000 0 und d
050 _a351
050 _bL431 2004
100 _aLazaro, Isagani L.
245 _aMga dakilang lider na Pilipino /
245 _cby Isagani L. Lazaro.
250 _aFifth edition
260 _aPhilippines :
260 _bNational Book Store,
260 _c2004
300 _a228 pages :
300 _billustrations ;
300 _c22cm.
650 _aPresidents --
650 _aPresidents --
650 _aTitle.
650 _xPhilippines -- Biography.
650 _xPhilippines.
999 _c340322
_d340322